| 000 | 00433nam a2200133 a 4500 | ||
|---|---|---|---|
| 001 | 000036067 | ||
| 005 | 20200930074840.0 | ||
| 008 | 111125s1966 dr 000 0 spa d | ||
| 040 |
_aDO-SdBNP _bspa _cBNPHU |
||
| 245 | 0 | 0 | _aCatalogo de las publicaciones de la UASD 1938-1985. |
| 260 |
_aSanto domingo : _bUniversitaria, _c1966. |
||
| 300 |
_a35 p. ; _c21 cm. |
||
| 500 | _aPublicaciones de la Universidad Autónoma de Santo Domingo v. 668 | ||
| 999 |
_c35558 _d35558 |
||